Investigación de los procesos de producción de abono orgánico en Costa Rica
Kaydedildi:
| Yazar: | |
|---|---|
| Diğer Yazarlar: | , |
| Materyal Türü: | Kitap |
| Baskı/Yayın Bilgisi: |
San José, [Costa Rica]
1989
|
| Konular: | |
| Etiketler: |
Etiketle
Etiket eklenmemiş, İlk siz ekleyin!
|
MARC
| LEADER | 00000nam a2200000Ia 4500 | ||
|---|---|---|---|
| 003 | 007312 | ||
| 005 | 20221231144306.0 | ||
| 008 | 140114s1989 cr a m 000 ||s d | ||
| 040 | |c cru CEDI | ||
| 090 | |a TFG 3043 | ||
| 100 | |a Jiménez G, Carlos |9 11525 | ||
| 245 | |a Investigación de los procesos de producción de abono orgánico en Costa Rica | ||
| 260 | |c 1989 |a San José, [Costa Rica] | ||
| 300 | |a 111 hojas :ilustraciones | ||
| 500 | |a Proyecto de graduación (licenciatura en ingeniería industrial)--Universidad de Costa Rica. Facultad de Ingeniería. Escuela de Ingeniería Industrial | ||
| 650 | |x ABONO ORGANICO |9 11528 | ||
| 700 | |9 11526 |a Vargas U, Francisco | ||
| 700 | |9 11527 |a Arias C, Juan Carlos | ||
| 999 | |c 19694 |d 19694 | ||
